Statistiche per Città della Serie B - con MAPPA

Clicka qui per fare il quiz!

Statistiche generali

  • Questo quiz è stato fatto 92 volte
    (82 dall'ultimo reset)
  • Il punteggio medio è 88 su 147

Risposte nella Mappa

Le risposte nella mappa del quiz sottostante sono codificate secondo una scala di colori dal rosso al verde in base alla % di persone che hanno risposto correttamente.
 

Statistiche sulle risposte

TeamCittà% Corretto
PalermoPalermo
95%
CagliariCagliari
93%
CataniaCatania
91%
BariBari
89%
MessinaMessina
88%
Sampierdarenese/LiguriaGenova
86%
NapoliNapoli
86%
BresciaBrescia
84%
LecceLecce
84%
RegginaReggio Calabria
84%
ReggianaReggio Emilia
84%
Juventus | TorinoTorino
84%
CatanzaroCatanzaro
82%
SpeziaLa Spezia
82%
ParmaParma
82%
RomaRoma
82%
SalernitanaSalerno
82%
UdineseUdine
82%
AvellinoAvellino
80%
BeneventoBenevento
80%
Südtirol
Bolzano
80%
CosenzaCosenza
80%
CrotoneCrotone
80%
SPALFerrara
80%
FiorentinaFirenze
80%
MilanMilano
80%
Albatrastevere | Lazio | MATERRoma
80%
TrapaniTrapani
80%
Mestrina | VeneziaVenezia
80%
AnconaAncona
79%
AtalantaBergamo
79%
FoggiaFoggia
79%
FrosinoneFrosinone
79%
BolognaBologna
77%
BrindisiBrindisi
77%
ModenaModena
77%
PisaPisa
77%
Arsenale Taranto | TarantoTaranto
77%
LivornoLivorno
75%
PerugiaPerugia
75%
PotenzaPotenza
75%
TernanaTerni
75%
AlessandriaAlessandria
73%
AscoliAscoli Piceno
73%
ComoComo
73%
CremoneseCremona
73%
Genoa | La Dominante | Sampdoria | SestreseGenova
73%
LeccoLecco
73%
SassuoloSassuolo
73%
TriestinaTrieste
73%
Hellas VeronaVerona
73%
CasertanaCaserta
71%
MonzaMonza
71%
PiacenzaPiacenza
71%
RiminiRimini
71%
PescaraPescara
70%
SavonaSavona
70%
SiracusaSiracusa
70%
ChievoVeronaVerona
70%
CesenaCesena
68%
LatinaLatina
68%
LuccheseLucca
68%
MateraMatera
68%
BolzanoBolzano
66%
CampobassoCampobasso
66%
GrossetoGrosseto
66%
L'AquilaL'Aquila
66%
PordenonePordenone
66%
RavennaRavenna
66%
L.R. VicenzaVicenza
66%
Fidelis AndriaAndria
64%
BarlettaBarletta
64%
PadovaPadova
64%
NovaraNovara
63%
PistoiesePistoia
63%
SienaSiena
63%
Pro VercelliVercelli
63%
MasseseMassa
61%
CarpiCarpi
59%
PratoPrato
59%
CarrareseCarrara
57%
EmpoliEmpoli
57%
Pro GoriziaGorizia
57%
MantovaMantova
57%
Vigor TraniTrani
57%
ArezzoArezzo
55%
TrevisoTreviso
55%
VareseVarese
55%
Juve StabiaCastellammare di Stabia
54%
CittadellaCittadella
54%
FermanaFermo
54%
ForlìForlì
54%
RietiRieti
54%
SanremeseSanremo
54%
MacerataMacerata
50%
PaviaPavia
50%
BielleseBiella
48%
Virtus EntellaChiavari
48%
FeralpisalòLonato del Garda
48%
FeralpisalòSalo
48%
AcirealeAcireale
45%
GubbioGubbio
45%
FiumanaFiume
43%
FanfullaLodi
43%
GallipoliGallipoli
39%
AlbinoLeffeAlbino
38%
Pro PatriaBusto Arsizio
38%
AlbinoLeffeLeffe
38%
SambenedetteseSan Benedetto del Tronto
38%
Pro SestoSesto San Giovanni
38%
ViareggioViareggio
38%
SorrentoSorrento
36%
Castel di SangroCastel di Sangro
34%
CaveseCava de' Tirreni
34%
Grion PolaPola
34%
CasaleCasale Monferrato
32%
Virtus LancianoLanciano
32%
LegnanoLegnano
32%
CenteseCento
30%
MonfalconeMonfalcone
30%
NocerinaNocera Inferiore
30%
PiombinoPiombino
30%
SavoiaTorre Annunciata
30%
CremaCrema
29%
PortogruaroPortogruaro
29%
LicataLicata
27%
Alzano VirescitAlzano Lombardo
25%
Alzano VirescitSeriate
25%
VigevanoVigevano
23%
VoghereseVoghera
23%
ScafateseScafati
21%
GallarateseGallarate
18%
MagentaMagenta
18%
DerthonaTortona
18%
MolinellaMolinella
16%
SuzzaraSuzzara
16%
SeregnoSeregno
14%
Vita NovaPonte San Pietro
11%
Marzotto ValdagnoValdagno
9%

Distribuzione punteggi

Percentile per numero di risposta

Percentuale di utenti per punteggio

I tuoi punteggi nel tempo

Non hai fatto questo quiz dall'ultimo reset